Teorija prokatki

Salvato in:
Dettagli Bibliografici
Natura: Libro
Lingua:russo
Pubblicazione: Moskva : GNTIL, 1962
Soggetti:
Tags: Aggiungi Tag
Nessun Tag, puoi essere il primo ad aggiungerne!!

MARC

LEADER 00000nam a22000003a 4500
001 stu43226
005 20141122040904.0
008 940725s1962----xxr-----------------rus-d
040 |a STU  |b slo 
041 0 |a rus 
044 |a xxr 
080 |a 621.771 
245 |a Teorija prokatki 
260 |a Moskva :  |b GNTIL,  |c 1962 
300 |a 739 s 
650 7 |a valcovanie  |2 stusub 
996 |b 284M062084  |c M*3130-1  |l MMKN  |s A  |a 24  |w stu43226_0001